Análisis económico de la Seguridad Social española (Record no. 50280)

MARC details
000 -LEADER
campo de control de longitud fija 00849nam a2200229 i 4500
001 - NÚMERO DE CONTROL
campo de control 50280
003 - IDENTIFICADOR DE NÚMERO DE CONTROL
campo de control ES-MaACL
005 - FECHA Y HORA DE LA ÚLTIMA TRANSACCIÓN
campo de control 20230906162143.0
007 - CAMPO FIJO DE DESCRIPCIÓN FÍSICA--INFORMACIÓN GENERAL
campo de control de longitud fija t|
008 - DATOS DE LONGITUD FIJA--INFORMACIÓN GENERAL
campo de control de longitud fija 030801s1984 sp |||| | spa d
100 1# - ENTRADA PRINCIPAL--NOMBRE DE PERSONA
Nombre de persona Cruz Roche, Ignacio.
9 (RLIN) 41843
245 10 - MENCIÓN DEL TÍTULO
Título Análisis económico de la Seguridad Social española
Resto del título : 1972-1982 /
Mención de responsabilidad, etc. Ignacio Cruz Roche.
260 ## - PUBLICACIÓN, DISTRIBUCIÓN, ETC.
Lugar de publicación, distribución, etc. [Madrid] :
Nombre del editor, distribuidor, etc. Ministerio de Trabajo y Seguridad Social,
Fecha de publicación, distribución, etc. [1984]
300 ## - DESCRIPCIÓN FÍSICA
Extensión 221 p. ;
Dimensiones 24 cm.
490 1# - MENCIÓN DE SERIE
Mención de serie Estudios e investigaciones
500 ## - NOTA GENERAL
Nota general Precede al tít.: Instituto de Estudios Laborales y de la Seguridad Social.
650 #4 - PUNTO DE ACCESO ADICIONAL DE MATERIA--TÉRMINO DE MATERIA
Término de materia o nombre geográfico como elemento de entrada Seguridad social-
Subdivisión geográfica España-
Subdivisión general Finanzas.
9 (RLIN) 167600
710 2# - ENTRADA AGREGADA--NOMBRE DE ENTIDAD CORPORATIVA
Nombre de entidad corporativa o nombre de jurisdicción como elemento de entrada Instituto de Estudios Laborales y de la Seguridad Social.
9 (RLIN) 4915
830 0# - PUNTO DE ACCESO ADICIONAL DE SERIE-TÍTULO UNIFORME
Título uniforme Estudios e investigaciones
9 (RLIN) 182319
852 ## - LOCALIZACIÓN
Ubicación ES-MaACL
Número de control de estantería L-7287
Holdings
Estatus retirado Estado de pérdida Estado de daño No para préstamo Biblioteca de origen Biblioteca actual Ubicación en estantería Fecha de adquisición Fuente de adquisición Total de préstamos Signatura topográfica completa Código de barras Visto por última vez Precio de reemplazo Tipo de ítem Koha
        Biblioteca del Ateneo de Madrid Biblioteca del Ateneo de Madrid Depósito 2 17/01/2008     L-7287 1052889 23/02/2023 23/02/2023 Libro impreso